| 000 | 00549nam a22001697a 4500 | ||
|---|---|---|---|
| 999 |
_c61430 _d61430 |
||
| 005 | 20240313102439.0 | ||
| 008 | 240313s2006 ru ||||| |||| 00| 0 rus d | ||
| 020 | _a5982810037 | ||
| 041 | _arus | ||
| 080 | _a008(075.8) K-90 | ||
| 100 |
_aДрач, Г.В. _921401 |
||
| 245 |
_aКультурология: _bУчебное пособие / _cРед. Г.В. Драч. |
||
| 264 |
_a М.: _bАльфа-М. Инфра-М, _c2006. |
||
| 300 |
_a414 с. _b22 см. |
||
| 700 |
_aДрач, Г. В. _eრედაქტორი _921402 |
||
| 942 |
_2udc _cBK |
||